Guía para la investigación bíblica: notas introductorias

Saved in:
Bibliographic Details
Main Author: Bazylinski, Stanislaw (Author)
Format: Book
Language:Spanish
Published: Pamplona Verbo Divino 2006
Series:Instrumentos para el Estudio de la Biblia, 16
Subjects:
Tags: Add Tag
No Tags, Be the first to tag this record!

MARC

LEADER 00000cam a2200000 a 4500
001 UCI8929
003 CL-VaPUC
008 081009e20060000SP |||||||||||||||||spa|d
020 |a 8481690775 
082 0 4 |a 220  |b BAZ  |2 21 
100 0 |a Bazylinski, Stanislaw  |e author  |9 532581 
245 1 0 |a Guía para la investigación bíblica: notas introductorias 
300 |a 178 p 
942 |c BK 
945 |d 20081009 00:00:00  |a jtorresc 
260 |a Pamplona  |b Verbo Divino  |c 2006 
650 0 |a Biblia  |9 257603 
650 0 |a Estudio y enseñanza  |9 270395 
650 0 |a Hermenéutica  |9 269473 
583 |a last modification  |c 20170615 03:01:15  |k Rodrigo Vera 
490 0 |a Instrumentos para el Estudio de la Biblia, 16 
999 |c 331663  |d 331661 
952 |0 0  |1 0  |4 0  |6 220_000000000000000_BAZ_2006  |7 0  |8 A  |9 418541  |a BIBTEO  |b BIBTEO  |d 2019-11-22  |i 4487591  |o 220 BAZ 2006  |p 4487591  |r 2025-01-17  |w 2019-11-22  |y BK  |k ICR 
952 |0 0  |1 0  |3 erb  |4 0  |6 220_000000000000000_BAZ_2006  |7 0  |8 A  |9 418542  |a BIBTEO  |b BIBTEO  |i 5398932  |l 1  |o 220 BAZ 2006  |p 5398932  |r 2025-01-17  |s 2023-03-31  |w 2019-11-22  |y BK  |z Catalogado en:20170616  |k ICR